Statistiques concernant Pays à 4 Lettres

Cliquez ici pour prendre le quiz!

Statistiques générales

  • Ce quiz a été pris 269 fois
    (260 depuis la dernière actualisation)
  • Le résultat moyen est 6 sur 8

Statistiques - réponses

Pays% Correct
Iran
81%
Irak
80%
Togo
79%
Inde
77%
Mali
76%
Laos
70%
Cuba
62%
Oman
62%

Distribution des résultats

Percentile par nombre de réponses

% des personnes avec chaque résultat

Votre développement - résultats

Vous n’avez pas pris ce quiz depuis la dernière actualisation